000 00552nam a22001817a 4500
999 _c4128
_d4085
008 200704b ||||| |||| 00| e eng d
020 _a9754584391
041 _atur
050 _aPL248 .K883
100 _9693
_aKutlar, Onat
245 _abahar isyancıdır : deneme
_cYayına Hazırlayan : Mürşit Balabanlılar
250 _a1.Basım
260 _aİstanbul:
_bTürkiye İş Bankası Kültür Yayınları,
_cMayıs 2003
300 _a86 Sayfa
650 0 _9145
_aTürk Edebiyatı
700 _91642
_aBalabanlılar, Mürşit
942 _2lcc
_cBK